000 00317nam a2200145Ia 4500
100 _aJarol Scott
942 _cBK
654 _aComputer
245 _aVisuals Basics Multimedia : Adventure Set
260 _bGalgotia
_aNew Delhi
_c1994
082 _a5.1
_bPAN
300 _a710
546 _aENGLISH
999 _c27104
_d27104